000 00946nam a2200241 i 4500
001 110832
003 ES-MaACL
005 20260127062538.0
007 t|
008 070131s1922 sp ||||1| spa d
080 _a304+32:92(Dato)(46)
100 1 _aMoreno Calderón, Antonio.
_983336
245 1 0 _aSignificación social y jurídica de Eduardo Dato /
_cescrita por Antonio Moreno Calderón.
260 _aMadrid :
_bReus,
_c1922.
300 _a126 p. ;
_c18 cm.
490 1 _aPublicaciones de la Real Academia de Jurisprudencia y Legislación ;
_v61
500 _aObra premiada en el concurso extraordinario convocado en el curso académico de 1921.
600 1 4 _aDato, Eduardo,
_d1856-1921
_942789
700 _aReal Academia de Jurisprudencia y Legislación de España
_9217612
830 0 _aPublicaciones de la Real Academia de Jurisprudencia y Legislación ;
_v61
_9180630
852 _aES-MaACL
_jL-5227
999 _c110832
_d110832